Detalles MARC
| 000 -CABECERA |
| campo de control de longitud fija |
02156nam a2200265 i 4500 |
| 001 - NÚMERO DE CONTROL |
| campo de control |
18306 |
| 003 - IDENTIFICADOR DEL NÚMERO DE CONTROL |
| campo de control |
DO-SdUEMH |
| 005 - FECHA Y HORA DE LA ÚLTIMA TRANSACCIÓN |
| campo de control |
20260108163848.0 |
| 007 - CAMPO FIJO DE DESCRIPCIÓN FÍSICA--INFORMACIÓN GENERAL |
| campo de control de longitud fija |
ta |
| 008 - DATOS DE LONGITUD FIJA--INFORMACIÓN GENERAL |
| campo de control de longitud fija |
260108s2025 dr a|||gr|||| 00| 0dspa d |
| 040 ## - FUENTE DE LA CATALOGACIÓN |
| Centro catalogador/agencia de origen |
DO-SdUEMH |
| Lengua de catalogación |
spa |
| Normas de descripción |
rda |
| 041 ## - CÓDIGO DE LENGUA |
| Código de lengua del texto/banda sonora o título independiente |
spa |
| 082 14 - NÚMERO DE LA CLASIFICACIÓN DECIMAL DEWEY |
| Colección |
Colección Dominicana |
| Número de documento/Ítem |
M236 |
| 100 #1 - ENTRADA PRINCIPAL--NOMBRE DE PERSONA |
| Término indicativo de función/relación |
autora |
| 245 ## - MENCIÓN DE TÍTULO |
| Título |
Reflexiones Educativas de una Exministra de Educación / |
| Mención de responsabilidad, etc. |
Jacqueline Malagón |
| 264 #1 - PRODUCCIÓN, PUBLICACIÓN, DISTRIBUCIÓN, FABRICACIÓN Y COPYRIGHT |
| Lugar de producción, publicación, distribución, fabricación |
Santo Domingo, República Dominicana : |
| Fecha de producción, publicación, distribución, fabricación o copyright |
2025 |
| 264 #4 - PRODUCCIÓN, PUBLICACIÓN, DISTRIBUCIÓN, FABRICACIÓN Y COPYRIGHT |
| Fecha de producción, publicación, distribución, fabricación o copyright |
©2025 |
| 300 ## - DESCRIPCIÓN FÍSICA |
| Extensión |
277 páginas : |
| Otras características físicas |
ilustraciones ; |
| Dimensiones |
22 cm. |
| 336 ## - TIPO DE CONTENIDO |
| Fuente |
rdacontent |
| Término de tipo de contenido |
texto |
| Código de tipo de contenido |
txt |
| 337 ## - TIPO DE MEDIO |
| Fuente |
rdamedia |
| Nombre del tipo de medio |
sin mediación |
| Código del tipo de medio |
n |
| 338 ## - TIPO DE SOPORTE |
| Fuente |
rdacarrier |
| Nombre del tipo de soporte |
volumen |
| Código del tipo de soporte |
nc |
| 504 ## - NOTA DE BIBLIOGRAFÍA, ETC. |
| Nota de bibliografía, etc. |
Contiene Información Bibliográfica a Final de la Obra. |
| 505 #2 - NOTA DE CONTENIDO CON FORMATO |
| Nota de contenido con formato |
Preámbulo que da a entender los propósitos detrás de este esfuerzo educativo realmente colectivo -- Lo que nos dice Yuval Noah Harari en Nexus sobre el futuro de la era digital -- ¿Qué nos dice Dennett, el filósofo de la conciencia? -- José Marmol -- Neil Burtron: La Banda de los Tres -- José Joaquín Puello: El aprendizaje -- Radhamés Mejía -- Del voluntarismo a la transformación estructural -- Julio Valerón: Transformar al docente repensando la escuela -- Una nueva escuela para una nueva realidad por construir -- Juan Tomás Tavares: ¿Qué puedo hacer yo? -- ¿Cualquier persona puede ser maestra? -- Fernando Ferrán: La felicidad -- Ramón Flores: Optimizar y fortalecer lo que ya se tiene -- Ligia Amada Melo: La formación docente -- Darwin Caraballo: El legado del papa Francisco para la educación -- Evarista Matías: Normativa 01-23 sobre formación docente -- Miriam Díaz Santana: ¿Quiénes y cómo van a enseñar Moral y Cívica? -- Melanio Paredes: El triple desafío de la educación dominicana -- Rafael Santos Badía -- Metty Hernández Camaño: Gestión docente transformadora -- Emelinda Padilla: Hablando de formación docente -- Víctor Madé: La imperiosa necesidad en la República Dominicana -- Andrea Suero -- Mis propias reflexiones -- Cierre inspirador para una época que no viviré -- Cierre de este libro dedicado a los que aman enseñar. |
| 942 ## - ELEMENTOS DE PUNTO DE ACCESO ADICIONAL (KOHA) |
| Fuente del sistema de clasificación o colocación |
Dewey Decimal Classification |
| Tipo de ítem Koha |
Libro |
| Suprimir en OPAC |
No |